[Event "2BLN 1819 SC Rotation Pankow - SV Linge"]
[Site "?"]
[Date "2018.12.16"]
[Round "4.4"]
[White "Mueller, Michael"]
[Black "Epishin, Vladimir"]
[Result "0-1"]
[WhiteElo "2272"]
[BlackElo "2558"]
[PlyCount "112"]
[EventDate "2018.??.??"]

1. d4 Nf6 2. c4 e6 3. Nc3 d5 4. Bg5 Be7 5. e3 O-O 6. Nf3 Nbd7 7. cxd5 exd5 8.
Bd3 b6 9. O-O Bb7 10. Rc1 Re8 11. Bf4 c6 12. h3 Nf8 13. Qa4 Ne6 14. Bh2 a6 15.
Ne5 c5 16. Ne2 Bd6 17. f4 b5 18. Qd1 Rc8 19. Kh1 Bf8 20. Qe1 cxd4 21. Rxc8 Bxc8
22. exd4 Bd6 23. Qf2 Bb7 24. Ng3 Ne4 25. Bxe4 dxe4 26. Nf5 Bf8 27. Rd1 g6 28.
Ne3 f5 29. d5 Nc5 30. b4 Nd3 31. Nxd3 exd3 32. Rxd3 Bxb4 33. Qc2 Qf6 34. Qc7
Qe7 35. Qe5 Qd7 36. Qd4 Bd6 37. Bg3 Re4 38. Qc3 Qg7 39. Qc1 Qe7 40. Qc3 h5 41.
Qb3 Kh7 42. Qc3 a5 43. Nc2 b4 44. Qb3 h4 45. Bh2 Ba6 46. Rd1 Be2 47. Rc1 Qc7
48. Re1 Bc4 49. Qa4 Bxd5 50. Rxe4 Bxe4 51. Ne3 Bc6 52. Qc2 a4 53. Qf2 Qe7 54.
Nc4 Bc5 55. Qd2 Qd7 56. Qe1 Bxg2+ 0-1

[Event "2BLN 1819 SC Rotation Pankow - SV Linge"]
[Site "?"]
[Date "2018.12.16"]
[Round "4.5"]
[White "Milanovic, Danilo"]
[Black "Neumeier, Lars"]
[Result "1-0"]
[WhiteElo "2494"]
[BlackElo "2307"]
[PlyCount "83"]
[EventDate "2018.??.??"]

1. c4 Nf6 2. Nc3 g6 3. e4 d6 4. d4 Bg7 5. Nge2 O-O 6. Ng3 c5 7. d5 a6 8. a4 e5
9. Be2 Ne8 10. O-O Nd7 11. Be3 f5 12. exf5 gxf5 13. f4 e4 14. Qd2 Nc7 15. a5
Rb8 16. Ra3 b6 17. axb6 Rxb6 18. b3 Nf6 19. Na2 a5 20. Rb1 Ra6 21. Nc3 Nce8 22.
Rba1 Rf7 23. R1a2 h5 24. Nxh5 Nxh5 25. Bxh5 Rf6 26. Bxe8 Qxe8 27. Rxa5 Rxa5 28.
Rxa5 Bd7 29. Ra7 Rh6 30. Ne2 Qh5 31. h3 Be8 32. Ra8 Kh7 33. Ng3 Qg6 34. Nxf5
Rxh3 35. Nxg7 Qg3 36. Nxe8 Qh2+ 37. Kf1 Qh1+ 38. Kf2 Rh2 39. Ra7+ Kg8 40. Rg7+
Kf8 41. Qb2 Rh6 42. Rg8+ 1-0

[Event "2BLN 1819 SC Rotation Pankow - SV Linge"]
[Site "?"]
[Date "2018.12.16"]
[Round "4.6"]
[White "Bruchmann, Stephan"]
[Black "Levin, Felix"]
[Result "1/2-1/2"]
[WhiteElo "2254"]
[BlackElo "2482"]
[PlyCount "112"]
[EventDate "2018.??.??"]

1. e4 c6 2. d4 d5 3. e5 Bf5 4. Nf3 e6 5. Be2 Ne7 6. O-O Ng6 7. Be3 Nd7 8. Ne1
h5 9. Nd2 Ndxe5 10. dxe5 d4 11. Nc4 dxe3 12. Nxe3 Nxe5 13. Nxf5 exf5 14. Nd3
Bd6 15. Nxe5 Bxe5 16. Qxd8+ Rxd8 17. Rad1 Ke7 18. Rxd8 Kxd8 19. b3 h4 20. Bd3
g6 21. Re1 Bd6 22. a4 a5 23. Bc4 Rf8 24. Re3 Kc7 25. Kf1 Kb6 26. Rh3 g5 27. g3
hxg3 28. hxg3 f4 29. gxf4 Bxf4 30. Rh7 f6 31. Bd3 Rb8 32. Ke2 Kc5 33. c3 b5 34.
axb5 cxb5 35. Rd7 Kb6 36. Re7 Be5 37. Kd2 a4 38. Re6+ Kc7 39. bxa4 bxa4 40. Ra6
Bf4+ 41. Kd1 Rb2 42. Bc2 Bd6 43. Rxa4 Bc5 44. f3 Rb8 45. Re4 Bd6 46. Ke2 Be5
47. Rc4+ Kd6 48. Be4 Rb6 49. Ke3 Bg3 50. Rd4+ Ke6 51. Rd5 Be5 52. Rc5 Rd6 53.
Ke2 f5 54. Bb7 Rb6 55. Rc6+ Rxc6 56. Bxc6 Bxc3 1/2-1/2

[Event "2BLN 1819 SC Rotation Pankow - SV Linge"]
[Site "?"]
[Date "2018.12.16"]
[Round "4.7"]
[White "Kollen, Zyon"]
[Black "Boetzer, Detlef"]
[Result "1-0"]
[WhiteElo "2363"]
[BlackElo "2215"]
[PlyCount "81"]
[EventDate "2018.??.??"]

1. e4 c5 2. Nf3 d6 3. d4 cxd4 4. Nxd4 Nf6 5. Nc3 g6 6. Be3 Bg7 7. f3 O-O 8. Qd2
Nc6 9. O-O-O Nxd4 10. Bxd4 Be6 11. Kb1 Qc7 12. g4 Rfc8 13. h4 Qa5 14. a3 Rab8
15. h5 b5 16. Nd5 Qxd2 17. Rxd2 Bxd5 18. exd5 a5 19. h6 Bh8 20. g5 Ne8 21. Bxh8
Kxh8 22. Re2 Rc7 23. Rh4 Kg8 24. Rhe4 Kf8 25. b4 axb4 26. axb4 Rbb7 27. Kb2 f5
28. Rd4 Rc8 29. Re3 Nc7 30. f4 Rcb8 31. Rd1 Ke8 32. Bg2 Kd7 33. Ra1 Ra8 34.
Rea3 Rxa3 35. Rxa3 Rb8 36. Bf3 Ra8 37. Rxa8 Nxa8 38. Bh5 Nc7 39. Bxg6 Nxd5 40.
Bxf5+ Ke8 41. g6 1-0

[Event "2BLN 1819 SC Rotation Pankow - SV Linge"]
[Site "?"]
[Date "2018.12.16"]
[Round "4.8"]
[White "Lisek, Juergen"]
[Black "Gutman, Lev"]
[Result "0-1"]
[WhiteElo "2243"]
[BlackElo "2422"]
[PlyCount "40"]
[EventDate "2018.??.??"]

1. e4 c5 2. Nf3 Nc6 3. Bb5 g6 4. O-O Bg7 5. c3 Qb6 6. Ba4 e5 7. a3 Nge7 8. b4
O-O 9. bxc5 Qxc5 10. Bb2 d5 11. exd5 Nxd5 12. d4 Qb6 13. Bxc6 bxc6 14. Bc1 exd4
15. cxd4 Bf5 16. Nbd2 Nc3 17. Qb3 Ne2+ 18. Kh1 Nxd4 19. Qxb6 axb6 20. Ra2 Be6
0-1

[Event "2BLN 1819 SK Zehlendorf - SK König Teg"]
[Site "?"]
[Date "2018.12.16"]
[Round "4.1"]
[White "Stern, Rene"]
[Black "Lagunow, Raphael"]
[Result "1/2-1/2"]
[WhiteElo "2531"]
[BlackElo "2409"]
[PlyCount "83"]
[EventDate "2018.??.??"]

1. Nf3 Nf6 2. c4 e6 3. Nc3 d5 4. d4 dxc4 5. e4 b5 6. e5 Nd5 7. Nxb5 Nb6 8. Be2
Be7 9. O-O O-O 10. a4 Ba6 11. Be3 Nc6 12. Nd2 Bxb5 13. axb5 Nxd4 14. Nxc4 Nf5
15. Bf4 Nd5 16. Bd2 Bc5 17. Na5 Nd4 18. Bc4 Bb6 19. Qg4 f5 20. exf6 Nxf6 21.
Qd1 Qe8 22. Nb3 Nxb5 23. Qe2 Nd6 24. Qxe6+ Kh8 25. Bc3 Qxe6 26. Bxe6 Rae8 27.
Bh3 Nd5 28. Bd4 Nf4 29. Bg4 Nd3 30. Bf3 c5 31. Bc3 c4 32. Nd2 Rc8 33. Rad1 Nf5
34. Nxc4 Bxf2+ 35. Kh1 Rxc4 36. Rxd3 Bd4 37. Bxd4 Nxd4 38. Rfd1 Nxf3 39. Rxf3
Rcc8 40. Rxf8+ Rxf8 41. Kg1 Kg8 42. Rd7 1/2-1/2

[Event "2BLN 1819 SK Zehlendorf - SK König Teg"]
[Site "?"]
[Date "2018.12.16"]
[Round "4.2"]
[White "Sawlin, Leonid"]
[Black "Rabiega, Robert"]
[Result "1/2-1/2"]
[WhiteElo "2374"]
[BlackElo "2509"]
[PlyCount "89"]
[EventDate "2018.??.??"]

1. e4 e5 2. Bc4 Nf6 3. d3 Nc6 4. Nc3 Bb4 5. Nge2 d5 6. exd5 Nxd5 7. O-O Nxc3 8.
bxc3 Bd6 9. f4 exf4 10. Bxf4 O-O 11. Ng3 Bxf4 12. Rxf4 Qd6 13. Qf1 Ne5 14. Bb3
Be6 15. Nf5 Qb6+ 16. Kh1 Rae8 17. h3 Ng6 18. Rf3 Bxb3 19. cxb3 Re6 20. d4 Rfe8
21. Qc4 Qc6 22. Qxc6 Rxc6 23. d5 Rf6 24. Raf1 Kf8 25. Nd4 Rxf3 26. Rxf3 Re1+
27. Kh2 Ne5 28. Rf2 Ke7 29. Nf5+ Kf8 30. Nd4 Ke7 31. d6+ Kd7 32. dxc7 Kxc7 33.
Nb5+ Kb6 34. Nd6 f6 35. Rd2 Nc6 36. Kg3 Kc7 37. Kf2 Re6 38. Nb5+ Kc8 39. Rd6
Re5 40. c4 a6 41. Nc3 Rf5+ 42. Ke3 Rg5 43. Kf2 Rf5+ 44. Ke3 Rg5 45. Kf2 1/2-1/2

[Event "2BLN 1819 SK Zehlendorf - SK König Teg"]
[Site "?"]
[Date "2018.12.16"]
[Round "4.3"]
[White "Moreno Tejera, Emilio"]
[Black "Malek, Daniel"]
[Result "1/2-1/2"]
[WhiteElo "2434"]
[BlackElo "2392"]
[PlyCount "132"]
[EventDate "2018.??.??"]

1. e4 e5 2. Nf3 Nf6 3. Nxe5 d6 4. Nf3 Nxe4 5. Qe2 Qe7 6. d3 Nf6 7. Bg5 Qxe2+ 8.
Bxe2 Nbd7 9. O-O h6 10. Bd2 Be7 11. Re1 O-O 12. Bf1 Re8 13. Nc3 c6 14. b4 Nf8
15. h3 Bd7 16. Ne2 Ng6 17. Ng3 c5 18. a3 b6 19. d4 Bf8 20. dxc5 dxc5 21. b5 Bd6
22. Rad1 Bxg3 23. fxg3 Bf5 24. c4 Ne4 25. Bf4 Nxf4 26. gxf4 Ng3 27. Ne5 a6 28.
Bd3 axb5 29. cxb5 Rxa3 30. Bxf5 Nxf5 31. Nc4 Rxe1+ 32. Rxe1 Rb3 33. Re8+ Kh7
34. Nxb6 Rxb5 35. Nd7 g6 36. g4 Nd4 37. Kf1 Kg7 38. g5 Rb1+ 39. Kf2 Rb2+ 40.
Kf1 Ne6 41. gxh6+ Kxh6 42. Ne5 Nxf4 43. Nxf7+ Kg7 44. Ng5 c4 45. Rc8 Rc2 46.
Ne4 Nd5 47. Ke1 c3 48. Kd1 Ne3+ 49. Ke1 Rc1+ 50. Ke2 Nd5 51. Rc5 Nf4+ 52. Ke3
c2 53. Kd2 Rh1 54. Rxc2 Rxh3 55. Rc7+ Kh6 56. Rf7 Rd3+ 57. Kc2 Rf3 58. Kd2 Kh5
59. Nf6+ Kg5 60. Nh7+ Kh4 61. Nf8 g5 62. Ne6 Rf2+ 63. Kd1 Kg4 64. Nxg5 Kxg5 65.
Rd7 Kg4 66. Rd2 Rxd2+ 1/2-1/2

[Event "2BLN 1819 SK Zehlendorf - SK König Teg"]
[Site "?"]
[Date "2018.12.16"]
[Round "4.4"]
[White "Meister, Jakob"]
[Black "Muse, Mladen"]
[Result "1/2-1/2"]
[WhiteElo "2416"]
[BlackElo "2392"]
[PlyCount "147"]
[EventDate "2018.??.??"]

1. e4 g6 2. d4 Bg7 3. Be3 c6 4. c3 d5 5. Nd2 dxe4 6. Nxe4 Nf6 7. Nxf6+ exf6 8.
Bc4 Nd7 9. Ne2 Nb6 10. Bb3 a5 11. a4 Nd5 12. Bd2 O-O 13. O-O Be6 14. c4 Nb4 15.
Bc3 Re8 16. Nf4 Bf5 17. Re1 Rxe1+ 18. Bxe1 Qd6 19. Ne2 Rd8 20. Bc3 b6 21. Qd2
Be6 22. Rd1 f5 23. Nf4 c5 24. d5 Bd7 25. Bxg7 Kxg7 26. Re1 Qf6 27. g3 Re8 28.
Rxe8 Bxe8 29. Bd1 Bd7 30. Ne2 Qe5 31. Nc3 h5 32. h4 f4 33. gxf4 Qd4 34. Qxd4+
cxd4 35. Ne4 Nd3 36. b3 Bf5 37. Ng3 Bd7 38. f5 Nb2 39. Bf3 Kf6 40. fxg6 fxg6
41. Kf1 Nd3 42. Bd1 Ke5 43. Ke2 Nf4+ 44. Kd2 Ng2 45. Ne2 Nxh4 46. f4+ Kf6 47.
Nxd4 Ng2 48. f5 h4 49. fxg6 h3 50. Bf3 Nh4 51. Bh1 Nxg6 52. Ke3 Ke5 53. Nf3+
Kd6 54. Ng5 Bf5 55. Kf2 Nf4 56. Bf3 Bc2 57. Kg3 Nd3 58. Be4 Nb4 59. Bxc2 Nxc2
60. Ne4+ Ke5 61. d6 Ke6 62. c5 bxc5 63. Nxc5+ Kxd6 64. Nb7+ Kc7 65. Nxa5 Nd4
66. Kxh3 Kb6 67. b4 Nc2 68. Nc4+ Kc6 69. b5+ Kc5 70. b6 Kc6 71. a5 Nb4 72. Ne5+
Kb5 73. b7 Na6 74. Nd7 1/2-1/2

[Event "2BLN 1819 SK Zehlendorf - SK König Teg"]
[Site "?"]
[Date "2018.12.16"]
[Round "4.5"]
[White "Bruedigam, Martin"]
[Black "Figura, Atila Gajo"]
[Result "1-0"]
[WhiteElo "2390"]
[BlackElo "2377"]
[PlyCount "63"]
[EventDate "2018.??.??"]

1. e4 g6 2. d4 Bg7 3. Nf3 d6 4. Bc4 Nf6 5. Qe2 O-O 6. e5 dxe5 7. dxe5 Nd5 8.
O-O Nb6 9. Bd3 Nc6 10. Nbd2 Bg4 11. h3 Nd4 12. Qe4 Nxf3+ 13. Nxf3 Bxf3 14. Qxf3
Bxe5 15. Qxb7 Qd6 16. Qe4 Rfd8 17. Re1 Nd7 18. Bg5 f6 19. Rad1 Qc5 20. Be3 Qa5
21. b4 Qa4 22. Bc4+ Kg7 23. Bb3 Qb5 24. a4 Qb8 25. Bd5 Bd6 26. c3 c5 27. Bxa8
Qxa8 28. Qxa8 Rxa8 29. Bf4 Nb6 30. Bxd6 exd6 31. a5 Na4 32. Rxd6 1-0

[Event "2BLN 1819 SK Zehlendorf - SK König Teg"]
[Site "?"]
[Date "2018.12.16"]
[Round "4.6"]
[White "Rahls, Peter"]
[Black "Fruebing, Stefan"]
[Result "0-1"]
[WhiteElo "2212"]
[BlackElo "2403"]
[PlyCount "64"]
[EventDate "2018.??.??"]

1. e4 e5 2. Nc3 Nf6 3. g3 d5 4. exd5 Nxd5 5. Bg2 Nxc3 6. bxc3 Nc6 7. Ne2 Bc5 8.
O-O O-O 9. Bb2 Bg4 10. h3 Bh5 11. g4 Bg6 12. d4 Bb6 13. f4 f6 14. Kh1 Re8 15.
d5 Na5 16. Bc1 Bf7 17. fxe5 Rxe5 18. Bf4 Rxd5 19. Bxd5 Qxd5+ 20. Kh2 Qc4 21.
Qd3 Qc6 22. Nd4 Qa4 23. Rfb1 Rd8 24. Qb5 Rxd4 25. cxd4 Qxc2+ 26. Kg3 Bxd4 27.
Qf1 g5 28. Bxg5 fxg5 29. Qf5 Qc3+ 30. Kg2 Qd2+ 31. Kh1 Bxa1 32. Rb5 Nc6 0-1

[Event "2BLN 1819 SK Zehlendorf - SK König Teg"]
[Site "?"]
[Date "2018.12.16"]
[Round "4.7"]
[White "Berger, Steve"]
[Black "Behrmann, Joachim"]
[Result "1-0"]
[WhiteElo "2431"]
[BlackElo "2134"]
[PlyCount "77"]
[EventDate "2018.??.??"]

1. e4 e5 2. Nf3 Nc6 3. Bc4 Nf6 4. d3 Be7 5. O-O O-O 6. Re1 d6 7. a4 Be6 8. Nbd2
h6 9. c3 Nh7 10. Bxe6 fxe6 11. Nf1 Rb8 12. Ng3 Qe8 13. b4 Bf6 14. Qb3 Qf7 15.
Ra2 g5 16. h3 Kh8 17. Nh2 Ne7 18. Be3 Ng6 19. Bxa7 Ra8 20. Be3 Nf4 21. d4 h5
22. Qd1 Rg8 23. Kh1 Qg6 24. f3 Be7 25. a5 Nf6 26. Bxf4 exf4 27. Ngf1 g4 28.
fxg4 hxg4 29. Nxg4 Nxe4 30. Qf3 d5 31. Rae2 Bd6 32. Rxe4 dxe4 33. Rxe4 b6 34.
Ne5 Bxe5 35. Rxe5 Qf6 36. axb6 cxb6 37. Rh5+ Kg7 38. Qb7+ Kg6 39. Qh7# 1-0

[Event "2BLN 1819 SK Zehlendorf - SK König Teg"]
[Site "?"]
[Date "2018.12.16"]
[Round "4.8"]
[White "Floeel, Helmut"]
[Black "Von Herman, Ulf"]
[Result "0-1"]
[WhiteElo "2088"]
[BlackElo "2345"]
[PlyCount "74"]
[EventDate "2018.??.??"]

1. e4 c5 2. Nf3 Nc6 3. Bb5 d6 4. Bxc6+ bxc6 5. Nc3 e5 6. h3 Ne7 7. O-O h6 8. d3
g5 9. Nh2 Ng6 10. Qh5 Nf4 11. Bxf4 gxf4 12. Kh1 Be6 13. b3 Rg8 14. Rg1 Qg5 15.
Qxg5 hxg5 16. f3 f6 17. Rge1 d5 18. Rad1 c4 19. exd5 cxd5 20. Nb5 cxd3 21. Nc7+
Kd7 22. Nxe6 Kxe6 23. cxd3 Kf5 24. Ng4 Rc8 25. Rc1 Ba3 26. Nh6+ Ke6 27. Rcd1
Rh8 28. Ng4 Kf5 29. Re2 Rc3 30. Kg1 Rhc8 31. Kf1 Bb4 32. Nf2 Rc1 33. Rb2 R1c2
34. Rxc2 Rxc2 35. d4 e4 36. fxe4+ dxe4 37. d5 e3 0-1

[Event "2BLN 1819 SK Norderstedt - SK König Te"]
[Site "?"]
[Date "2019.02.02"]
[Round "5.1"]
[White "Stern, Rene"]
[Black "Krause, Benedict"]
[Result "1-0"]
[WhiteElo "2531"]
[BlackElo "2436"]
[PlyCount "131"]
[EventDate "2019.??.??"]

1. Nf3 Nf6 2. c4 c5 3. Nc3 d5 4. cxd5 Nxd5 5. e3 Nc6 6. Bb5 e6 7. Ne5 Bd7 8.
Bxc6 Bxc6 9. Nxc6 bxc6 10. b3 Nxc3 11. dxc3 Qxd1+ 12. Kxd1 O-O-O+ 13. Kc2 c4
14. bxc4 Kc7 15. e4 c5 16. Bf4+ Kc6 17. Rab1 Bd6 18. Be3 a6 19. Rhe1 Bc7 20.
Rbd1 Rxd1 21. Kxd1 f5 22. exf5 exf5 23. Bd2 Kd7 24. Kc2 Re8 25. Rf1 Kc6 26. g3
g6 27. h3 h5 28. h4 Bd6 29. Kd3 Bc7 30. Bg5 Re6 31. Rg1 Rd6+ 32. Kc2 Re6 33.
Be3 Re8 34. Rg2 Bd6 35. Bd2 Bc7 36. f3 Re6 37. Kb3 Re8 38. g4 fxg4 39. fxg4
hxg4 40. Rxg4 Re6 41. Kc2 Bd8 42. Kd3 Be7 43. Bf4 Bd8 44. Bg3 Be7 45. Bf2 Kd7
46. Rg1 Kc6 47. Bg3 Bd8 48. Rb1 Bc7 49. Bxc7 Kxc7 50. Rg1 Kc6 51. Rg4 Kd6 52.
Rg5 Kc6 53. Rg2 Kd6 54. Rb2 Kc7 55. Rf2 Kc6 56. Rf8 Kc7 57. Rf7+ Kc6 58. Ra7
Kb6 59. Rh7 Kc6 60. Rh6 Kc7 61. a4 a5 62. Rh7+ Kb6 63. Rf7 Kc6 64. Rf1 Kb6 65.
Rb1+ Kc6 66. Rb8 {ZÜ} 1-0

[Event "2BLN 1819 SK Norderstedt - SK König Te"]
[Site "?"]
[Date "2019.02.02"]
[Round "5.2"]
[White "Parvanyan, Ashot"]
[Black "Rabiega, Robert"]
[Result "1/2-1/2"]
[WhiteElo "2438"]
[BlackElo "2509"]
[PlyCount "199"]
[EventDate "2019.??.??"]

1. e4 c5 2. Nf3 Nc6 3. Nc3 e5 4. Bc4 Be7 5. d3 Nf6 6. Nd2 d6 7. Nf1 Bg4 8. Qd2
O-O 9. Ne3 Be6 10. Ncd5 Rb8 11. a4 Ne8 12. O-O Bg5 13. c3 Nc7 14. Qe2 Bxe3 15.
Bxe3 Bxd5 16. exd5 Ne7 17. d4 cxd4 18. cxd4 e4 19. Bg5 h6 20. Bh4 Qd7 21. Qxe4
g5 22. Rae1 Rbe8 23. Bg3 f5 24. Qf3 f4 25. Qh5 fxg3 26. Qxh6 gxh2+ 27. Kxh2 Nf5
28. Qxg5+ Qg7 29. Qxg7+ Kxg7 30. Rxe8 Rxe8 31. g4 Nxd4 32. Kg3 Nc2 33. Rd1 Nb4
34. b3 b6 35. f4 Nc2 36. Rc1 Ne3 37. Bb5 Nxb5 38. axb5 Nxd5 39. Rd1 Nf6 40. g5
Re3+ 41. Kf2 Ng4+ 42. Kg2 Rxb3 43. Rxd6 Ne3+ 44. Kf2 Nf5 45. Rd7+ Kg6 46. Rxa7
Nd6 47. Re7 Kf5 48. g6 Rb4 49. g7 Rxf4+ 50. Ke1 Rg4 51. Rc7 Ke4 52. Rc6 Ke3 53.
Kd1 Nxb5 54. Rxb6 Nd4 55. Kc1 Rxg7 56. Rb8 Rg2 57. Re8+ Kd3 58. Kb1 Rg5 59. Kb2
Rb5+ 60. Ka3 Rb6 61. Ka2 Nc6 62. Rh8 Kc4 63. Rh4+ Nd4 64. Ka3 Rb1 65. Ka2 Rd1
66. Kb2 Kb4 67. Re4 Kc4 68. Rh4 Rd3 69. Rh8 Rd2+ 70. Kb1 Rf2 71. Rc8+ Kd3 72.
Rd8 Re2 73. Kc1 Rc2+ 74. Kd1 Rb2 75. Ke1 Ke3 76. Re8+ Kf4 77. Kd1 Nf3 78. Kc1
Rg2 79. Kb1 Ne5 80. Kc1 Ke4 81. Kd1 Kd4 82. Rd8+ Kc3 83. Ke1 Nd3+ 84. Kf1 Rh2
85. Kg1 Re2 86. Kf1 Kd2 87. Ra8 Rf2+ 88. Kg1 Rf3 89. Re8 Nf4 90. Kh2 Ne2 91.
Kg2 Rf4 92. Ra8 Ke3 93. Re8+ Kd3 94. Rd8+ Nd4 95. Kg3 Re4 96. Rh8 Ne2+ 97. Kf3
Rf4+ 98. Kg2 Re4 99. Kf3 Rf4+ 100. Kg2 1/2-1/2

[Event "2BLN 1819 SK Norderstedt - SK König Te"]
[Site "?"]
[Date "2019.02.02"]
[Round "5.3"]
[White "Richter, Michael"]
[Black "Ostrovskiy, Andrey"]
[Result "1-0"]
[WhiteElo "2493"]
[BlackElo "2424"]
[PlyCount "151"]
[EventDate "2019.??.??"]

1. d4 Nf6 2. Nf3 e6 3. e3 b6 4. Bd3 Bb7 5. O-O Be7 6. c4 O-O 7. Nc3 d5 8. b3
Nbd7 9. Bb2 c5 10. Rc1 cxd4 11. exd4 Rc8 12. Re1 Bb4 13. a3 Bd6 14. Ne5 Bb8 15.
Qe2 dxc4 16. Bxc4 Re8 17. a4 Nf8 18. Rcd1 Nd5 19. g3 Nxc3 20. Bxc3 Bd5 21. Bb2
Bxc4 22. bxc4 Bxe5 23. Qxe5 Qc7 24. Rc1 Qxe5 25. Rxe5 Nd7 26. Re2 Rc7 27. Rec2
Rec8 28. Kf1 f6 29. Ke2 e5 30. dxe5 Nxe5 31. Bxe5 fxe5 32. Kd3 Rc5 33. Ra1 Rd8+
34. Ke3 Kf7 35. f4 exf4+ 36. gxf4 Re8+ 37. Kf3 Rec8 38. Rd1 R8c7 39. Rd4 Ra5
40. Ra2 g6 41. Ra3 Kf6 42. Rd6+ Kg7 43. Rd4 Rh5 44. Kg3 Rhc5 45. Rc3 Ra5 46.
Ra3 Kf6 47. Kg4 Re7 48. Rd6+ Re6 49. Rd5 Rxd5 50. cxd5 Re4 51. a5 b5 52. Rc3
h5+ 53. Kf3 Ra4 54. Rc6+ Kf5 55. Rc7 Ra3+ 56. Ke2 Rxa5 57. Ke3 b4 58. Rf7+ Kg4
59. Ke4 Ra1 60. d6 Rd1 61. Ke5 a5 62. Rb7 Rd3 63. Rb5 Re3+ 64. Kf6 b3 65. Rxa5
Kxf4 66. Rb5 Rd3 67. Ke7 Re3+ 68. Kd8 g5 69. d7 Rd3 70. Ke7 Re3+ 71. Kf6 Rd3
72. Rb4+ Kf3 73. Rxb3 Rxb3 74. d8=Q Kg2 75. Qd5+ Rf3+ 76. Kxg5 1-0

[Event "2BLN 1819 SK Norderstedt - SK König Te"]
[Site "?"]
[Date "2019.02.02"]
[Round "5.4"]
[White "Kopylov, Michael"]
[Black "Moreno Tejera, Emilio"]
[Result "1/2-1/2"]
[WhiteElo "2416"]
[BlackElo "2431"]
[PlyCount "41"]
[EventDate "2019.??.??"]

1. d4 f5 2. g3 Nf6 3. Bg2 d6 4. Nf3 g6 5. O-O Bg7 6. c4 O-O 7. Nc3 c6 8. Qb3
Kh8 9. Rd1 Na6 10. Qa3 Qe8 11. b4 Nc7 12. Bb2 Be6 13. d5 cxd5 14. cxd5 Bg8 15.
Nd4 Qd7 16. Qb3 a5 17. a3 axb4 18. axb4 Rxa1 19. Rxa1 f4 20. Ra7 Ng4 21. Nf3
1/2-1/2

[Event "2BLN 1819 SK Norderstedt - SK König Te"]
[Site "?"]
[Date "2019.02.02"]
[Round "5.5"]
[White "Muse, Mladen"]
[Black "Kahlert, Thomas"]
[Result "1/2-1/2"]
[WhiteElo "2391"]
[BlackElo "2218"]
[PlyCount "44"]
[EventDate "2019.??.??"]

1. Nf3 Nf6 2. g3 d6 3. Bg2 e5 4. O-O g6 5. d4 exd4 6. Nxd4 Bg7 7. c4 O-O 8. Nc3
Nbd7 9. b3 Re8 10. Bb2 a6 11. Qc2 Rb8 12. Rad1 Nc5 13. b4 Ne6 14. Nxe6 Bxe6 15.
c5 Qe7 16. cxd6 cxd6 17. Qd2 d5 18. a3 Red8 19. e3 Ne4 20. Nxe4 dxe4 21. Qe2 f5
22. Bxg7 Qxg7 1/2-1/2

[Event "2BLN 1819 SK Norderstedt - SK König Te"]
[Site "?"]
[Date "2019.02.02"]
[Round "5.6"]
[White "Powierski, Emil"]
[Black "Bruedigam, Martin"]
[Result "1/2-1/2"]
[WhiteElo "2310"]
[BlackElo "2394"]
[PlyCount "103"]
[EventDate "2019.??.??"]

1. e4 e5 2. Nf3 Nc6 3. Bb5 a6 4. Ba4 Nf6 5. O-O Be7 6. d3 d6 7. c3 O-O 8. Re1
h6 9. Nbd2 Nd7 10. Nf1 Nc5 11. Bxc6 bxc6 12. d4 exd4 13. Nxd4 Bd7 14. Ng3 Re8
15. Qf3 Bf8 16. Ndf5 Kh8 17. Bd2 Rb8 18. c4 Ne6 19. Bc3 Ng5 20. Qf4 Kg8 21. Nh5
Bxf5 22. exf5 Qd7 23. Qg4 Rxe1+ 24. Rxe1 Re8 25. Rxe8 Qxe8 26. h4 Qe4 27. Qxe4
Nxe4 28. Ba5 d5 29. cxd5 cxd5 30. Bxc7 Bc5 31. Bg3 g6 32. fxg6 fxg6 33. Nf4
Nxg3 34. b4 Bd4 35. Nxd5 Ne2+ 36. Kf1 Nc3 37. Nc7 Nxa2 38. Nxa6 Nc3 39. g4 Kf7
40. Kg2 Ke6 41. f4 Nd5 42. Kf3 Bb6 43. Nc5+ Bxc5 44. bxc5 Ne7 45. Ke4 Nc6 46.
Kf3 Kd5 47. h5 g5 48. Ke3 gxf4+ 49. Kxf4 Nd4 50. g5 Ne6+ 51. Kf5 Nxg5 52. Kg6
1/2-1/2

[Event "2BLN 1819 SK Norderstedt - SK König Te"]
[Site "?"]
[Date "2019.02.02"]
[Round "5.7"]
[White "Fruebing, Stefan"]
[Black "Polischuk, Viktor"]
[Result "1/2-1/2"]
[WhiteElo "2409"]
[BlackElo "2281"]
[PlyCount "73"]
[EventDate "2019.??.??"]

1. e4 c5 2. Nf3 e6 3. d4 cxd4 4. Nxd4 Nf6 5. Nc3 Nc6 6. Nxc6 bxc6 7. e5 Nd5 8.
Ne4 Qc7 9. f4 Qb6 10. c4 f5 11. exf6 Bb4+ 12. Ke2 Nxf6 13. Be3 Qa5 14. Nxf6+
gxf6 15. a3 Be7 16. Kf2 c5 17. Qh5+ Kd8 18. b4 Qc7 19. Be2 Bb7 20. Qf7 Rf8 21.
Qxh7 cxb4 22. axb4 Bxb4 23. Qd3 Bc5 24. Bf3 Bxf3 25. Bxc5 Qxc5+ 26. Kxf3 Rc8
27. Rhd1 Qc6+ 28. Kf2 Rc7 29. Qe3 Qxc4 30. Rdc1 Qd5 31. Rxc7 Kxc7 32. Rxa7+ Kd8
33. Qa3 Qd2+ 34. Kf3 Qd1+ 35. Kf2 Qd2+ 36. Kf3 Qd1+ 37. Kf2 1/2-1/2

[Event "2BLN 1819 SK Norderstedt - SK König Te"]
[Site "?"]
[Date "2019.02.02"]
[Round "5.8"]
[White "Kopylov, Daniel"]
[Black "Berger, Steve"]
[Result "1-0"]
[WhiteElo "2231"]
[BlackElo "2435"]
[PlyCount "117"]
[EventDate "2019.??.??"]

1. e4 e6 2. d4 d5 3. exd5 exd5 4. Nf3 Nf6 5. c4 Bb4+ 6. Nc3 O-O 7. Be2 dxc4 8.
O-O Bxc3 9. bxc3 b5 10. a4 c6 11. Bg5 Nbd7 12. Qc2 Bb7 13. Rab1 Ba6 14. Ne5 Qc7
15. Bxf6 gxf6 16. Ng4 Qf4 17. g3 Qg5 18. Bf3 Nb6 19. h4 Qg7 20. Qf5 Nxa4 21.
Nxf6+ Kh8 22. Rbc1 Bc8 23. Qf4 Nb2 24. Bxc6 Nd3 25. Qd6 Qh6 26. Rb1 Be6 27.
Bxa8 Rxa8 28. Ne4 Qg6 29. Qc6 Rc8 30. Qb7 b4 31. cxb4 c3 32. Ng5 c2 33. Rbc1 h6
34. Nxe6 Qxe6 35. Qxa7 Qd5 36. Qa6 Qf5 37. Qxh6+ Kg8 38. Qg5+ Qxg5 39. hxg5
Nxb4 40. f4 Rc3 41. Kg2 Na2 42. Kh3 f5 43. d5 Nxc1 44. Rxc1 Kf7 45. Kh4 Rc8 46.
g4 Rc4 47. gxf5 Rxf4+ 48. Kh5 Rxf5 49. Rxc2 Rxd5 50. Kh6 Rd1 51. g6+ Ke7 52.
Re2+ Kf6 53. Rf2+ Ke7 54. g7 Rh1+ 55. Kg6 Rg1+ 56. Kh7 Rh1+ 57. Kg8 Ra1 58. Rg2
Kf6 59. Rh2 1-0

[Event "2BLN 1819 Lübecker SV - SV Lingen"]
[Site "?"]
[Date "2019.02.02"]
[Round "5.1"]
[White "Perunovic, Milos"]
[Black "Kalinitschew, Sergey"]
[Result "1-0"]
[WhiteElo "2601"]
[BlackElo "2440"]
[PlyCount "61"]
[EventDate "2019.??.??"]

1. e4 e6 2. d4 d5 3. Nc3 Be7 4. exd5 exd5 5. Bf4 Nf6 6. Bd3 O-O 7. Nf3 Bg4 8.
h3 Bh5 9. g4 Bg6 10. Ne5 c5 11. Bxg6 fxg6 12. Be3 Nc6 13. Nxc6 bxc6 14. dxc5
Rb8 15. b3 Qa5 16. Qd2 Bxc5 17. Bxc5 Qxc5 18. O-O-O Nd7 19. f4 Nb6 20. Qd4 Qa3+
21. Kb1 c5 22. Qe5 Rfe8 23. Qd6 Rbd8 24. Qc6 d4 25. Rhe1 Rf8 26. Nb5 Qa5 27.
Re5 Rxf4 28. Qxc5 d3 29. Rxd3 Rc8 30. Qa3 Rf1+ 31. Kb2 1-0

[Event "2BLN 1819 Lübecker SV - SV Lingen"]
[Site "?"]
[Date "2019.02.02"]
[Round "5.2"]
[White "Kololli, Martin"]
[Black "Gajek, Radoslaw"]
[Result "0-1"]
[WhiteElo "2347"]
[BlackElo "2481"]
[PlyCount "104"]
[EventDate "2019.??.??"]

1. e4 c5 2. c3 Nf6 3. e5 Nd5 4. Nf3 e6 5. d4 cxd4 6. cxd4 Nc6 7. Bc4 d6 8. O-O
Be7 9. exd6 Qxd6 10. Nc3 O-O 11. Re1 Rd8 12. Bb3 Nf6 13. Be3 b6 14. Qe2 Bb7 15.
Rad1 Nb4 16. Ne5 Nbd5 17. Bc1 a6 18. Rd3 Rac8 19. Rh3 b5 20. Ne4 Qc7 21. Bd2
Nxe4 22. Qh5 Bg5 23. Bxg5 Nxg5 24. Qxg5 f6 25. Qh5 h6 26. Nd3 Qf7 27. Qxf7+
Kxf7 28. Nc5 Ba8 29. Nxa6 Nf4 30. Rhe3 Bxg2 31. Rxe6 Bd5 32. Re7+ Kg6 33. Bxd5
Rxd5 34. R7e4 Nd3 35. R1e3 Rg5+ 36. Kf1 Rc1+ 37. Ke2 Nxb2 38. Nb4 Na4 39. Kd2
Rh1 40. h4 Rf5 41. Rg3+ Kf7 42. f3 Rh2+ 43. Ke1 Nc3 44. Reg4 g5 45. hxg5 fxg5
46. Nc6 Re2+ 47. Kf1 Rxa2 48. Ne5+ Kg7 49. Nc6 Kf6 50. Rh3 h5 51. Rxh5 Rxf3+
52. Ke1 Re2# 0-1

[Event "2BLN 1819 Lübecker SV - SV Lingen"]
[Site "?"]
[Date "2019.02.02"]
[Round "5.3"]
[White "Ivanisevic, Ivan"]
[Black "Svane, Frederik"]
[Result "1-0"]
[WhiteElo "2604"]
[BlackElo "2341"]
[PlyCount "45"]
[EventDate "2019.??.??"]

1. c4 Nf6 2. Nc3 c5 3. g3 Nc6 4. Bg2 g6 5. Nf3 Bg7 6. d4 cxd4 7. Nxd4 O-O 8. c5
Nxd4 9. Qxd4 d6 10. Qb4 a5 11. Qa3 dxc5 12. Be3 Nd7 13. Rd1 Rb8 14. Bxc5 b5 15.
Nd5 e6 16. Ne7+ Kh8 17. Nc6 Qe8 18. Nxb8 Nxb8 19. Bxf8 Bxf8 20. Qxa5 Bd7 21.
O-O Bg7 22. Qc7 Bf6 23. Rxd7 1-0